000 00882nam a22002897a 4500
001 BR7902027
003 BR-BrBNA
005 20230928085956.0
007 ta
008 230509b bl.||||| |||| 00| 0 por d
040 _aBR-BrBNA
_bpor
_cBiblioteca Nacional de Agricultura
041 _a(Por)
072 _aH60
_b1540
_b3876
090 _ 1540 BR7902027
100 1 _aVentorin, N.
110 1 _aEscola Superior de Agricultura de Lavras, MG (Brasil)
245 1 _aControle quimico de plantas daninhas [mandioca, Manihot esculenta, herbicida]
_bCurso de Capacitacao de Tecnicos para a Cultura da Mandioca - v. 7
260 3 _aLavras, MG (Brasil):
_c1978.
300 _a30 p.
500 _a7 illus.; 17 ref.
650 _aERVA DANINHA
650 _aMANDIOCA
650 _aCONTROLE QUIMICO
650 _aHERBICIDA
909 _a202309
_bLucia
_c55
_dLucia Elande
942 _cBK
999 _c27268
_d27268